00314nam a2200121Ia 450000500170000000800410001708200130005810000220007124500330009326000310012630000120015765000230016920250402210704.0240331s9999 xx 000 0 und d bSIVa894 aSivakumaran, K.S. 0aKalai, ilakkiyat thiranaaivu aKandybTamil Mandramc1989 a83 p ., aLiterary Criticism